[Event "MrDodgy Online Inv 2nd"]
[Site "chess24.com INT"]
[Date "2021.05.12"]
[Round "1.10"]
[White "Nielsen, Peter Heine"]
[Black "Vidit, Santosh Gujrathi"]
[Result "1/2-1/2"]
[WhiteElo "2618"]
[BlackElo "2726"]
[PlyCount "76"]
[EventDate "2021.05.12"]
[EventType "k.o. (blitz)"]
[EventRounds "4"]
[EventCountry "GER"]
[SourceTitle "CBM 202 Extra"]
[Source "ChessBase"]
[SourceDate "2021.07.31"]
[SourceVersion "1"]
[SourceVersionDate "2021.07.31"]
[SourceQuality "1"]

1. e4 c5 2. Nf3 e6 3. c4 Nc6 4. Nc3 Nf6 5. Be2 d5 6. exd5 exd5 7. d4 cxd4 8. Nxd4 Bc5 9. Be3 Bxd4 10. Bxd4 dxc4 11. Bc5 Be6 12. 0-0 Qa5 13. Ba3 Rd8 14. Qc1 Nb4 15. b3 Nc2 16. Qxc2 Qxa3 17. Bxc4 Bxc4 18. bxc4 0-0 19. Rad1 b6 20. Nd5 Nxd5 21. cxd5 Rd7 22. Rd3 Qc5 23. Qd2 Rfd8 24. Rd1 Qd6 25. h4 h6 26. g3 b5 27. Qa5 b4 28. Rd4 Rb8 29. Rb1 Qb6 30. Qxb6 Rxb6 31. Rbxb4 Rxb4 32. Rxb4 Rxd5 33. Rb8+ Kh7 34. Rb7 Ra5 35. Rxf7 Rxa2 36. h5 Ra5 37. Kg2 Rxh5 38. Rxa7 Rf5 1/2-1/2

[Event "MrDodgy Online Inv"]
[Site "chess24.com INT"]
[Date "2020.06.12"]
[Round "1.4"]
[White "Korobov, Anton"]
[Black "Nielsen, Peter Heine"]
[Result "1/2-1/2"]
[WhiteElo "2688"]
[BlackElo "2618"]
[PlyCount "92"]
[EventDate "2020.06.12"]
[EventType "k.o. (blitz)"]
[EventRounds "3"]
[EventCountry "GER"]
[SourceTitle "CBM 196 Extra"]
[Source "ChessBase"]
[SourceDate "2020.07.31"]
[SourceVersion "1"]
[SourceVersionDate "2020.07.31"]
[SourceQuality "1"]

1. d4 Nf6 2. c4 e6 3. Nf3 d5 4. Nc3 Be7 5. Bf4 0-0 6. e3 c5 7. dxc5 Bxc5 8. Qc2 Nc6 9. Rd1 Qa5 10. a3 Rd8 11. cxd5 exd5 12. Be2 d4 13. exd4 Nxd4 14. Nxd4 Bxd4 15. 0-0 Bf5 16. Qb3 Qb6 17. Nb5 Be6 18. Qa4 Bc5 19. Bc7 Rxd1 20. Bxb6 Rxf1+ 21. Kxf1 Bxb6 22. Nd6 Rd8 23. Nc4 Bd4 24. Na5 Bxb2 25. Qb4 Bd4 26. Nxb7 Rd7 27. Nc5 Bxc5 28. Qxc5 g6 29. f3 h5 30. Qe5 Nd5 31. g4 hxg4 32. fxg4 Ne7 33. h4 Nc6 34. Qf6 Rd5 35. Bf3 Rc5 36. Bxc6 Rxc6 37. Kf2 Rc5 38. Kg3 Rc4 39. g5 Ra4 40. Qe7 Rg4+ 41. Kf3 a6 42. h5 gxh5 43. Qf6 a5 44. Qh6 h4 45. g6 Rxg6 46. Qxh4 Kg7 1/2-1/2

[Event "MrDodgy Online Inv"]
[Site "chess24.com INT"]
[Date "2020.06.12"]
[Round "1.10"]
[White "Korobov, Anton"]
[Black "Nielsen, Peter Heine"]
[Result "1-0"]
[WhiteElo "2688"]
[BlackElo "2618"]
[PlyCount "75"]
[EventDate "2020.06.12"]
[EventType "k.o. (blitz)"]
[EventRounds "3"]
[EventCountry "GER"]
[SourceTitle "CBM 196 Extra"]
[Source "ChessBase"]
[SourceDate "2020.07.31"]
[SourceVersion "1"]
[SourceVersionDate "2020.07.31"]
[SourceQuality "1"]

1. d4 Nf6 2. c4 d6 3. Nf3 Nbd7 4. Nc3 e5 5. e4 Be7 6. Be2 c6 7. 0-0 a6 8. Qc2 b5 9. Rd1 Qc7 10. Bg5 b4 11. Na4 c5 12. dxc5 dxc5 13. Nd2 Bb7 14. Bf3 Nf8 15. Nb3 Ne6 16. Bxf6 Bxf6 17. Rd5 Be7 18. Bg4 0-0 19. Bxe6 fxe6 20. Rxc5 Bxc5 21. Naxc5 Rfe8 22. a3 bxa3 23. Rxa3 Rad8 24. Ra1 h6 25. h3 Bc8 26. Qc3 Kh7 27. Nd3 Bb7 28. Re1 Rb8 29. Nxe5 Ba8 30. Na5 Red8 31. b4 Qd6 32. c5 Qd2 33. Qxd2 Rxd2 34. c6 Rd4 35. Nd7 Rbxb4 36. c7 Rbc4 37. Nxc4 Rxc4 38. Nb6 1-0

[Event "MrDodgy Online Inv"]
[Site "chess24.com INT"]
[Date "2020.06.12"]
[Round "1.5"]
[White "Nielsen, Peter Heine"]
[Black "Korobov, Anton"]
[Result "0-1"]
[WhiteElo "2618"]
[BlackElo "2688"]
[PlyCount "78"]
[EventDate "2020.06.12"]
[EventType "k.o. (blitz)"]
[EventRounds "3"]
[EventCountry "GER"]
[SourceTitle "CBM 196 Extra"]
[Source "ChessBase"]
[SourceDate "2020.07.31"]
[SourceVersion "1"]
[SourceVersionDate "2020.07.31"]
[SourceQuality "1"]

1. d4 d5 2. c4 c6 3. Nf3 Nf6 4. Nc3 e6 5. Bg5 h6 6. Bh4 dxc4 7. e4 g5 8. Bg3 b5 9. h4 g4 10. Ne5 Bb7 11. Be2 Nbd7 12. Nxd7 Qxd7 13. Be5 Qe7 14. 0-0 Rg8 15. b3 Rd8 16. bxc4 b4 17. Rb1 g3 18. Bxg3 Rxg3 19. fxg3 bxc3 20. e5 Qc7 21. Rxf6 Bg7 22. Qd3 c5 23. Qh7 Kf8 24. Rbf1 cxd4 25. Bh5 Rd7 26. Qg6 Bxf6 27. Qxf6 Kg8 28. Rf4 c2 29. Rg4+ Kf8 30. Qxh6+ Ke7 31. Rg8 c1Q+ 32. Qxc1 Qxe5 33. Qh6 Kd6 34. Qf8+ Kc6 35. Bf3+ Kb6 36. Qb4+ Ka6 37. Rb8 Bxf3 38. Qa4+ Qa5 39. Qxd7 Qe1+ 0-1

[Event "MrDodgy Online Inv"]
[Site "chess24.com INT"]
[Date "2020.06.12"]
[Round "1.7"]
[White "Nielsen, Peter Heine"]
[Black "Korobov, Anton"]
[Result "1-0"]
[WhiteElo "2618"]
[BlackElo "2688"]
[PlyCount "58"]
[EventDate "2020.06.12"]
[EventType "k.o. (blitz)"]
[EventRounds "3"]
[EventCountry "GER"]
[SourceTitle "CBM 196 Extra"]
[Source "ChessBase"]
[SourceDate "2020.07.31"]
[SourceVersion "1"]
[SourceVersionDate "2020.07.31"]
[SourceQuality "1"]

1. d4 Nf6 2. c4 g6 3. Nf3 Bg7 4. g3 0-0 5. Bg2 Nc6 6. 0-0 a6 7. Nc3 Rb8 8. d5 Na5 9. Nd2 c5 10. Rb1 b5 11. b3 d6 12. Qc2 e5 13. Bb2 Ng4 14. h3 Nh6 15. e4 f5 16. exf5 gxf5 17. Ne2 Nf7 18. Bc3 b4 19. Bb2 Nb7 20. Rbe1 h5 21. f4 e4 22. g4 Bxb2 23. Qxb2 e3 24. Ng3 exd2 25. Nxh5 Ne5 26. Rd1 fxg4 27. fxe5 Qg5 28. Nf6+ Kh8 29. e6 Qe5 1-0

[Event "Chess24 Banter Blitz Cup"]
[Site "chess24.com INT"]
[Date "2019.11.13"]
[Round "1.2"]
[White "Shimanov, Aleksandr"]
[Black "Nielsen, Peter Heine"]
[Result "1-0"]
[WhiteElo "2587"]
[BlackElo "2617"]
[PlyCount "87"]
[EventDate "2019.09.25"]
[EventType "k.o. (blitz)"]
[EventRounds "7"]
[EventCountry "USA"]
[SourceTitle "CBM 194 Extra"]
[Source "ChessBase"]
[SourceDate "2020.03.31"]
[SourceVersion "1"]
[SourceVersionDate "2020.03.31"]
[SourceQuality "1"]

1. Nf3 d5 2. g3 g6 3. Bg2 Bg7 4. 0-0 c6 5. d3 e5 6. e4 dxe4 7. dxe4 Qxd1 8. Rxd1 Ne7 9. Nbd2 Be6 10. Ng5 Bg4 11. f3 Bc8 12. Nc4 0-0 13. Be3 h6 14. Nh3 Be6 15. Bf1 b6 16. a4 Nd7 17. Nf2 Rfd8 18. Nd6 Bf8 19. Rd2 Rdb8 20. Rad1 a6 21. Bc4 Bxc4 22. Nxc4 b5 23. Na5 Nb6 24. Nd3 Nxa4 25. c3 c5 26. Nxe5 c4 27. Nd7 Rc8 28. Bd4 Nc6 29. Nf6+ Kh8 30. Nxc6 Rxc6 31. Ng4+ Kg8 32. Nf6+ Kh8 33. Nd7+ Kg8 34. Ne5 Rcc8 35. Be3 Nc5 36. Bxc5 Bxc5+ 37. Kf1 a5 38. Nd7 a4 39. Rd5 a3 40. bxa3 Be7 41. Nb6 Bf8 42. Nxc8 Rxc8 43. Rxb5 Ra8 44. Ra1 1-0

[Event "Chess24 Banter Blitz Cup"]
[Site "chess24.com INT"]
[Date "2019.11.13"]
[Round "1.4"]
[White "Shimanov, Aleksandr"]
[Black "Nielsen, Peter Heine"]
[Result "1-0"]
[WhiteElo "2587"]
[BlackElo "2617"]
[PlyCount "99"]
[EventDate "2019.09.25"]
[EventType "k.o. (blitz)"]
[EventRounds "7"]
[EventCountry "USA"]
[SourceTitle "CBM 194 Extra"]
[Source "ChessBase"]
[SourceDate "2020.03.31"]
[SourceVersion "1"]
[SourceVersionDate "2020.03.31"]
[SourceQuality "1"]

1. c4 c5 2. g3 g6 3. Bg2 Bg7 4. Nc3 Nc6 5. d3 d6 6. Qd2 Qa5 7. Nd5 Qd8 8. f4 e6 9. Nc3 Nge7 10. b3 b6 11. Bb2 Bb7 12. e3 Qd7 13. Nf3 d5 14. cxd5 exd5 15. d4 cxd4 16. exd4 0-0 17. 0-0 Nf5 18. Ne5 Nxe5 19. dxe5 d4 20. Bxb7 Qxb7 21. Nd1 Rad8 22. Qd3 Rfe8 23. Rc1 f6 24. exf6 Bxf6 25. Rc2 Ne3 26. Nxe3 dxe3 27. Qc4+ Kg7 28. Bxf6+ Kxf6 29. Re1 Qe4 30. Qxe4 Rxe4 31. Ree2 Rd1+ 32. Kg2 Re7 33. Rc3 Rd2 34. Kf3 g5 35. fxg5+ Kxg5 36. Rcxe3 Rxe3+ 37. Kxe3 Rd1 38. Kf3 Rc1 39. Re7 Rc2 40. h4+ Kg6 41. Rxa7 h5 42. Ra6 Rc6 43. a4 Kf5 44. a5 Rc3+ 45. Kg2 b5 46. Rh6 Rxb3 47. Rxh5+ Kg6 48. Rg5+ Kh6 49. a6 b4 50. Rb5 1-0

[Event "LTU-chT"]
[Site "Lithuania"]
[Date "2019.04.27"]
[Round "6.2"]
[White "Kazakouski, Valery"]
[Black "Nielsen, Peter Heine"]
[Result "1-0"]
[WhiteElo "2456"]
[BlackElo "2635"]
[PlyCount "65"]
[EventDate "2019.01.26"]
[EventType "team-swiss"]
[EventRounds "7"]
[EventCountry "LTU"]
[SourceTitle "CBM 190 Extra"]
[Source "ChessBase"]
[SourceDate "2019.07.15"]
[SourceVersion "1"]
[SourceVersionDate "2019.07.15"]
[SourceQuality "1"]
[WhiteTeam "Kaunas Ezerelio"]
[BlackTeam "Siauliai SISZK"]
[WhiteTeamCountry "LTU"]
[BlackTeamCountry "LTU"]

1. d4 Nf6 2. Nf3 g6 3. c4 Bg7 4. g3 d5 5. cxd5 Nxd5 6. Bg2 Nb6 7. Nc3 Nc6 8. e3 e5 9. d5 Ne7 10. e4 c6 11. a4 cxd5 12. a5 Nc4 13. Nxd5 Nxd5 14. Qa4+ Bd7 15. Qxc4 Ne7 16. 0-0 0-0 17. Be3 Qc8 18. Qxc8 Rfxc8 19. Rfd1 Be8 20. Bh3 Rc7 21. b4 Bb5 22. Bf1 Bxf1 23. Kxf1 f5 24. Ng5 Bf6 25. Ne6 Rc6 26. Rd8+ Rxd8 27. Nxd8 Rc4 28. b5 Rb4 29. Nxb7 Rxb5 30. Nd6 Rb3 31. Bxa7 Nc6 32. Bb6 Be7 33. Nc8 1-0

[Event "Bundesliga 1718"]
[Site "Germany"]
[Date "2018.02.04"]
[Round "8.8"]
[White "Nielsen, Peter Heine"]
[Black "Carlstedt, Jonathan"]
[Result "1/2-1/2"]
[WhiteElo "2639"]
[BlackElo "2413"]
[PlyCount "94"]
[EventDate "2017.10.21"]
[EventType "team-tourn"]
[EventRounds "15"]
[EventCountry "GER"]
[SourceTitle "CBM 183"]
[Source "ChessBase"]
[SourceDate "2018.03.14"]
[SourceVersion "1"]
[SourceVersionDate "2018.03.14"]
[SourceQuality "1"]
[WhiteTeam "Baden-Baden"]
[BlackTeam "Hamburger SK"]
[WhiteTeamCountry "GER"]
[BlackTeamCountry "GER"]

1. d4 Nf6 2. Nf3 e6 3. Bf4 c5 4. e3 Nc6 5. c3 Nh5 6. Bg5 Be7 7. Bxe7 Qxe7 8. Bd3 d6 9. 0-0 g6 10. Nbd2 0-0 11. Re1 e5 12. dxe5 dxe5 13. Qc2 Bd7 14. Bf1 Rae8 15. e4 Nf4 16. Nc4 Rc8 17. Qd2 Rcd8 18. Qe3 f6 19. a3 Be6 20. b4 b5 21. Ncd2 c4 22. a4 Nd3 23. Reb1 a6 24. axb5 axb5 25. Ra6 Nb8 26. Rb6 Bd7 27. Rb7 Qd6 28. Qa7 Rf7 29. Ra1 Rdf8 30. Qe3 Bc6 31. Rxf7 Rxf7 32. h4 h5 33. g3 Kg7 34. Ra7 Nb2 35. Rxf7+ Kxf7 36. Qa7+ Nd7 37. Qa6 Ke7 38. Qa7 Qb8 39. Qa3 Na4 40. Nxc4 bxc4 41. b5+ Ndc5 42. bxc6 Qb3 43. Qc1 Qxc3 44. Qd1 Nb6 45. c7 Ne6 46. Nd2 Nxc7 47. Qe2 Ne6 1/2-1/2

[Event "Bundesliga 1718"]
[Site "Germany"]
[Date "2018.02.03"]
[Round "7.8"]
[White "Michna, Christian"]
[Black "Nielsen, Peter Heine"]
[Result "0-1"]
[WhiteElo "2270"]
[BlackElo "2639"]
[PlyCount "90"]
[EventDate "2017.10.21"]
[EventType "team-tourn"]
[EventRounds "15"]
[EventCountry "GER"]
[SourceTitle "CBM 183"]
[Source "ChessBase"]
[SourceDate "2018.03.14"]
[SourceVersion "1"]
[SourceVersionDate "2018.03.14"]
[SourceQuality "1"]
[WhiteTeam "Norderstedt"]
[BlackTeam "Baden-Baden"]
[WhiteTeamCountry "GER"]
[BlackTeamCountry "GER"]

1. d4 d5 2. Bf4 Nf6 3. e3 e6 4. Nf3 c5 5. c3 Nc6 6. Bd3 Bd6 7. Bg3 0-0 8. 0-0 b6 9. Nbd2 Bb7 10. Ne5 Ne7 11. Re1 c4 12. Bc2 b5 13. e4 Qc7 14. Ng4 Nxe4 15. Bxd6 Qxd6 16. f3 Nxd2 17. Qxd2 f6 18. Qe3 Bc8 19. Re2 Bd7 20. Rae1 a5 21. f4 Ng6 22. g3 b4 23. h4 Ne7 24. Qf3 Kh8 25. h5 h6 26. Qe3 bxc3 27. bxc3 Rab8 28. Qc1 Rb6 29. Kh2 f5 30. Ne5 Be8 31. g4 fxg4 32. Bg6 Qd8 33. Qa3 Kg8 34. Kg3 Bxg6 35. hxg6 Nf5+ 36. Kg2 Rb8 37. Rh1 Qf6 38. Qc1 Rb7 39. Rh5 Nh4+ 40. Kg3 Nxg6 41. Nxg6 Qxg6 42. Rhe5 Qd3+ 43. R5e3 Rb1 44. Rxd3 Rxc1 45. Rde3 Rf1 0-1

[Event "Bundesliga 1617"]
[Site "Germany"]
[Date "2017.04.30"]
[Round "14.8"]
[White "Nielsen, Peter Heine"]
[Black "Andersen, Mads"]
[Result "1/2-1/2"]
[WhiteElo "2645"]
[BlackElo "2542"]
[PlyCount "109"]
[EventDate "2016.10.15"]
[EventType "team-tourn"]
[EventRounds "15"]
[EventCountry "GER"]
[SourceTitle "CBM 178"]
[Source "ChessBase"]
[SourceDate "2017.05.14"]
[SourceVersion "1"]
[SourceVersionDate "2017.05.14"]
[SourceQuality "1"]
[WhiteTeam "Baden-Baden"]
[BlackTeam "Solingen"]
[WhiteTeamCountry "GER"]
[BlackTeamCountry "GER"]

1. d4 d5 2. c4 e6 3. Nf3 Nf6 4. Nc3 Be7 5. Bg5 0-0 6. e3 Nbd7 7. Rc1 h6 8. Bh4 c5 9. dxc5 dxc4 10. c6 bxc6 11. Bxc4 Rb8 12. Qc2 Nd5 13. Bxe7 Qxe7 14. 0-0 Bb7 15. Rfd1 Rfd8 16. Be2 c5 17. b3 Rbc8 18. Qb2 N7b6 19. Nxd5 Rxd5 20. Qa3 Rxd1+ 21. Rxd1 Bd5 22. Rc1 Rc7 23. h3 g6 24. Nd2 Qg5 25. Bf3 Bxf3 26. Nxf3 Qd5 27. Qa5 c4 28. Qxd5 exd5 29. Kf1 Kf8 30. Ke2 Ke7 31. Nd4 Kd7 32. Rb1 Rc5 33. b4 Rc8 34. Kd2 Na4 35. Nb5 Rb8 36. Nc3 Nb6 37. Kc2 Kc6 38. Rd1 Ra8 39. e4 dxe4 40. Nxe4 Re8 41. Nc3 Re5 42. a4 a5 43. f4 Rf5 44. g4 Rxf4 45. bxa5 Rf2+ 46. Kb1 Nc8 47. a6 Rf3 48. Kc2 Na7 49. Nb5 Nxb5 50. axb5+ Kxb5 51. Ra1 Rf2+ 52. Kc3 Rf3+ 53. Kc2 Rf2+ 54. Kc3 Rf3+ 55. Kc2 1/2-1/2

[Event "SWE-chT 1516"]
[Site "Sweden"]
[Date "2016.03.18"]
[Round "7.2"]
[White "Nielsen, Peter Heine"]
[Black "Ahlander, Bjorn"]
[Result "1-0"]
[WhiteElo "2654"]
[BlackElo "2387"]
[PlyCount "121"]
[EventDate "2015.11.06"]
[EventType "team-tourn"]
[EventRounds "9"]
[EventCountry "SWE"]
[SourceTitle "EXT 2017"]
[Source "ChessBase"]
[SourceDate "2016.10.25"]
[SourceVersion "1"]
[SourceVersionDate "2016.10.25"]
[SourceQuality "1"]
[WhiteTeam "Stockholm Rockaden"]
[BlackTeam "Lunds"]
[WhiteTeamCountry "SWE"]
[BlackTeamCountry "SWE"]

1. d4 Nf6 2. c4 e6 3. Nf3 d5 4. Nc3 Be7 5. Bf4 0-0 6. e3 b6 7. Bd3 Bb7 8. cxd5 exd5 9. Ne5 c5 10. Qf3 cxd4 11. exd4 Nc6 12. Nxc6 Bxc6 13. 0-0 Qd7 14. Rfe1 Rfe8 15. Be5 Qg4 16. Qe3 Bd6 17. h3 Qd7 18. Qg5 h6 19. Qf4 Rad8 20. Bf5 Qe7 21. Rad1 b5 22. Bd3 a6 23. Rc1 Bb7 24. Re3 Bxe5 25. Rxe5 Qb4 26. Rxe8+ Rxe8 27. Qd2 Qd6 28. Ne2 b4 29. Qc2 Kf8 30. Qc5 Rd8 31. Qa5 Rc8 32. Rc5 b3 33. axb3 Re8 34. Rc7 Re7 35. Rc1 g6 36. Qa3 Rd7 37. Nc3 Kg7 38. Qxd6 Rxd6 39. Ra1 Rb6 40. Bc2 Bc6 41. Ra5 Kf8 42. Kf1 Ke7 43. Ke2 h5 44. h4 Bb7 45. Na4 Rb4 46. Nc5 Bc8 47. Ra4 Rb6 48. Bd3 Nd7 49. b4 Nb8 50. Kd2 Rf6 51. f3 Rf4 52. b5 axb5 53. Ra8 Nc6 54. Rxc8 Nxd4 55. Ke3 Rxh4 56. g3 Rh2 57. Kxd4 Rxb2 58. Kxd5 Rg2 59. Bxb5 f5 60. Ke5 Rxg3 61. Rc7+ 1-0

[Event "SWE-chT 1516"]
[Site "Sweden"]
[Date "2015.11.08"]
[Round "3.2"]
[White "Akesson, Ralf"]
[Black "Nielsen, Peter Heine"]
[Result "1/2-1/2"]
[WhiteElo "2418"]
[BlackElo "2654"]
[PlyCount "112"]
[EventDate "2015.11.06"]
[EventType "team-tourn"]
[EventRounds "9"]
[EventCountry "SWE"]
[SourceTitle "CBM 169 Extra"]
[Source "ChessBase"]
[SourceDate "2015.12.18"]
[SourceVersion "1"]
[SourceVersionDate "2015.12.18"]
[SourceQuality "1"]
[WhiteTeam "Vasteras"]
[BlackTeam "Stockholm Rockaden"]
[WhiteTeamCountry "SWE"]
[BlackTeamCountry "SWE"]

1. d4 Nf6 2. c4 g6 3. Nf3 Bg7 4. g3 d5 5. cxd5 Nxd5 6. Bg2 Nb6 7. Nc3 Nc6 8. e3 e5 9. d5 Ne7 10. e4 c6 11. 0-0 cxd5 12. exd5 0-0 13. Re1 Bg4 14. Qd3 Nexd5 15. Nxd5 Bf5 16. Qb3 Qxd5 17. Nxe5 Qxb3 18. axb3 Rfe8 19. Nf3 Be4 20. Be3 Bxb2 21. Ra2 Bc3 22. Rc1 Bb4 23. Bxb6 axb6 24. Rxa8 Rxa8 25. Ne5 Bxg2 26. Kxg2 b5 27. Nf3 Bd6 28. Rd1 Ra6 29. Rd5 b4 30. Nd2 Bf8 31. g4 Ra3 32. Rd7 f5 33. gxf5 gxf5 34. Rxb7 Ra2 35. Rd7 Rb2 36. f4 Bg7 37. Kf3 Bc3 38. Nc4 Rxb3 39. Ne3 Ra3 40. Nxf5 b3 41. Rb7 Bf6 42. Rb8+ Kf7 43. Nd6+ Kg6 44. Nc4 Ra4 45. Ne5+ Kf5 46. Nd3 Ra3 47. Rb5+ Kg6 48. Ke4 Bc3 49. Ne5+ Kf6 50. Nc4 Ra4 51. Rb6+ Ke7 52. Rb7+ Kd8 53. Rxb3 Rxc4+ 54. Kd3 Rxf4 55. Rxc3 Rf3+ 56. Kd4 Rxc3 1/2-1/2

[Event "Wch Blitz 9th"]
[Site "Berlin"]
[Date "2015.10.14"]
[Round "14"]
[White "Nielsen, Peter Heine"]
[Black "Donchenko, Alexander"]
[Result "0-1"]
[WhiteElo "2654"]
[BlackElo "2577"]
[PlyCount "108"]
[EventDate "2015.10.13"]
[EventType "swiss (blitz)"]
[EventRounds "21"]
[EventCountry "GER"]
[SourceTitle "CBM 168 Extra"]
[Source "ChessBase"]
[SourceDate "2015.10.29"]
[SourceVersion "1"]
[SourceVersionDate "2015.10.29"]
[SourceQuality "1"]

1. e4 c6 2. d4 d5 3. exd5 cxd5 4. Nf3 Nc6 5. Bb5 Bg4 6. Nbd2 e6 7. c4 a6 8. Bxc6+ bxc6 9. Qa4 Rc8 10. Ne5 Bf5 11. 0-0 Bd6 12. cxd5 Bxe5 13. dxe5 Qxd5 14. Nc4 Kf8 15. Nb6 Qd8 16. Nxc8 Qxc8 17. Qa3+ Ke8 18. Be3 f6 19. Rac1 Kf7 20. Rfd1 Ne7 21. Qd6 Qb7 22. Qd7 Qxb2 23. Bd4 Qxa2 24. exf6 gxf6 25. Bc5 Re8 26. Qc7 Qb2 27. h3 Be4 28. Qf4 Bd5 29. Bd4 e5 30. Qxf6+ Kxf6 31. Bxb2 Rg8 32. g3 Nf5 33. Re1 Nd4 34. Bxd4 exd4 35. g4 a5 36. Kh2 a4 37. Red1 Ke5 38. Kg3 Rf8 39. Re1+ Kd6 40. f4 c5 41. Ra1 Bb3 42. f5 d3 43. Kf4 c4 44. Re6+ Kd5 45. Rae1 d2 46. R1e5+ Kd4 47. Rd6+ Kc3 48. Red5 d1Q 49. Rxd1 Bxd1 50. Rxd1 a3 51. g5 a2 52. f6 Kb2 53. Ke5 c3 54. h4 c2 0-1

[Event "Wch Blitz 9th"]
[Site "Berlin"]
[Date "2015.10.13"]
[Round "3"]
[White "Aronian, Levon"]
[Black "Nielsen, Peter Heine"]
[Result "1-0"]
[WhiteElo "2784"]
[BlackElo "2654"]
[PlyCount "59"]
[EventDate "2015.10.13"]
[EventType "swiss (blitz)"]
[EventRounds "21"]
[EventCountry "GER"]
[SourceTitle "CBM 168 Extra"]
[Source "ChessBase"]
[SourceDate "2015.10.29"]
[SourceVersion "1"]
[SourceVersionDate "2015.10.29"]
[SourceQuality "1"]

1. c4 d5 2. cxd5 Qxd5 3. Nc3 Qa5 4. Nf3 e5 5. g3 Nf6 6. Bg2 c6 7. 0-0 Be7 8. d3 0-0 9. Bd2 Qc7 10. Rc1 Bg4 11. h3 Bh5 12. Nh4 Rd8 13. b4 a6 14. Qb3 Nbd7 15. g4 Bg6 16. a4 Qd6 17. Nxg6 hxg6 18. Ne4 Nxe4 19. Bxe4 Rab8 20. f4 Rf8 21. fxe5 Nxe5 22. Bf4 g5 23. Bh2 Bf6 24. e3 Qe7 25. Rc2 Rbd8 26. Rcf2 Qe6 27. Qxe6 fxe6 28. Bxe5 Bxe5 29. Rxf8+ Rxf8 30. Bh7+ 1-0

[Event "Wch Blitz 9th"]
[Site "Berlin"]
[Date "2015.10.13"]
[Round "9"]
[White "Ladva, Ottomar"]
[Black "Nielsen, Peter Heine"]
[Result "1/2-1/2"]
[WhiteElo "2423"]
[BlackElo "2654"]
[PlyCount "104"]
[EventDate "2015.10.13"]
[EventType "swiss (blitz)"]
[EventRounds "21"]
[EventCountry "GER"]
[SourceTitle "CBM 168 Extra"]
[Source "ChessBase"]
[SourceDate "2015.10.29"]
[SourceVersion "1"]
[SourceVersionDate "2015.10.29"]
[SourceQuality "1"]

1. d4 e6 2. Nf3 f5 3. g3 Nf6 4. Bg2 Be7 5. 0-0 0-0 6. c4 Ne4 7. Nc3 Bf6 8. Qc2 Nxc3 9. Qxc3 d6 10. b3 Nc6 11. Bb2 e5 12. dxe5 dxe5 13. Rad1 Qe8 14. Qc2 e4 15. Nd4 Nxd4 16. Bxd4 Bxd4 17. Rxd4 c6 18. Rfd1 Qe5 19. Qd2 Be6 20. Rd6 a5 21. Qd4 Qxd4 22. R1xd4 Kf7 23. a3 Ke7 24. e3 c5 25. Rd2 a4 26. Rb6 Rfb8 27. b4 Ra6 28. bxc5 Rxb6 29. cxb6 Bxc4 30. Rc2 Rc8 31. g4 Be6 32. Rxc8 Bxc8 33. gxf5 Bxf5 34. f3 exf3 35. Bxf3 Bc8 36. Bd1 Kd6 37. Bxa4 Kc5 38. Kf2 Kxb6 39. Kg3 Kc5 40. Kf4 Kc4 41. e4 Kd4 42. Bc2 Kc3 43. Bd1 b5 44. Ke5 Kb2 45. Be2 Bd7 46. Kd6 Be8 47. e5 Kxa3 48. Ke7 Bc6 49. Kd6 Be8 50. Ke7 Bc6 51. Kd6 Be8 52. Ke7 Bc6 1/2-1/2

[Event "Wch Blitz 9th"]
[Site "Berlin"]
[Date "2015.10.13"]
[Round "2"]
[White "Nielsen, Peter Heine"]
[Black "Carstensen, Jacob"]
[Result "1-0"]
[WhiteElo "2654"]
[BlackElo "2352"]
[PlyCount "105"]
[EventDate "2015.10.13"]
[EventType "swiss (blitz)"]
[EventRounds "21"]
[EventCountry "GER"]
[SourceTitle "CBM 168 Extra"]
[Source "ChessBase"]
[SourceDate "2015.10.29"]
[SourceVersion "1"]
[SourceVersionDate "2015.10.29"]
[SourceQuality "1"]

1. e4 c5 2. Nf3 d6 3. d4 Nf6 4. Nc3 cxd4 5. Nxd4 a6 6. h4 Nc6 7. Bg5 e6 8. Qd2 Qb6 9. Nb3 Bd7 10. 0-0-0 0-0-0 11. f3 Kb8 12. Be3 Qc7 13. Na4 Re8 14. Nb6 d5 15. Kb1 Bc8 16. exd5 Nxd5 17. Nxd5 exd5 18. Nd4 Nxd4 19. Bxd4 Bf5 20. g4 Bd7 21. Bd3 f6 22. g5 Bc5 23. Bxc5 Qxc5 24. gxf6 gxf6 25. Qf4+ Ka7 26. Qxf6 Rhf8 27. Qg7 Bf5 28. Bxf5 Rxf5 29. Qxh7 Rxf3 30. h5 Re2 31. Rhe1 Qd4 32. c3 Rxe1 33. Rxe1 Qd2 34. Rc1 Rf2 35. Qc2 Qf4 36. Qd3 Rd2 37. Qf1 Qh2 38. Qg1+ Qxg1 39. Rxg1 Rh2 40. Rg5 Kb6 41. Rxd5 Kc6 42. Rg5 b6 43. a4 a5 44. Ka2 Rh4 45. Kb3 Kd6 46. Rg6+ Kc5 47. h6 Rh5 48. Kc2 Rh4 49. b3 Rh2+ 50. Kd3 Rh3+ 51. Ke4 Rxc3 52. Rg5+ Kc6 53. Rh5 1-0

[Event "Wch Blitz 9th"]
[Site "Berlin"]
[Date "2015.10.13"]
[Round "8"]
[White "Nielsen, Peter Heine"]
[Black "Krnan, Tomas"]
[Result "1/2-1/2"]
[WhiteElo "2654"]
[BlackElo "2440"]
[PlyCount "95"]
[EventDate "2015.10.13"]
[EventType "swiss (blitz)"]
[EventRounds "21"]
[EventCountry "GER"]
[SourceTitle "CBM 168 Extra"]
[Source "ChessBase"]
[SourceDate "2015.10.29"]
[SourceVersion "1"]
[SourceVersionDate "2015.10.29"]
[SourceQuality "1"]

1. e4 e5 2. f4 exf4 3. Nf3 g5 4. Nc3 Nc6 5. g3 fxg3 6. hxg3 Bg7 7. d4 h6 8. Be3 d6 9. Qd2 Bg4 10. Bg2 Nge7 11. 0-0-0 Qd7 12. Rdf1 f5 13. Nh2 f4 14. gxf4 gxf4 15. Rxf4 h5 16. Nxg4 hxg4 17. Rhf1 0-0-0 18. Rf7 Rhg8 19. Nd5 Rdf8 20. Bg5 Rxf7 21. Rxf7 Bf8 22. Qf4 Qe8 23. Qxg4+ Kb8 24. Rf1 Nxd5 25. exd5 Bh6 26. dxc6 Bxg5+ 27. Kb1 bxc6 28. Qf3 d5 29. a3 Qe3 30. Qf7 Rd8 31. Rd1 Qe2 32. Bf3 Qe7 33. Qf5 Qf6 34. Qd3 Qf4 35. Re1 Kc8 36. Qa6+ Kd7 37. Qd3 Re8 38. Qh7+ Re7 39. Rxe7+ Bxe7 40. Qh3+ Kd6 41. Qh5 Qf6 42. Bg4 Qxd4 43. Qf5 Qf6 44. Qc8 Qf1+ 45. Ka2 Qc4+ 46. Kb1 Qf1+ 47. Ka2 Qc4+ 48. Kb1 1/2-1/2

[Event "Fredericia m"]
[Site "Fredericia"]
[Date "2015.05.05"]
[Round "4"]
[White "Nielsen, Peter Heine"]
[Black "Bank Friis, Carsten"]
[Result "1-0"]
[WhiteElo "2655"]
[BlackElo "2261"]
[PlyCount "97"]
[EventDate "2015.05.05"]
[EventType "team-schev"]
[EventRounds "4"]
[EventCountry "DEN"]
[SourceTitle "EXT 2016"]
[Source "ChessBase"]
[SourceDate "2015.10.08"]
[SourceVersion "1"]
[SourceVersionDate "2015.10.08"]
[SourceQuality "1"]

1. e4 c6 2. d4 d5 3. e5 Bf5 4. Nf3 e6 5. Be2 Nd7 6. 0-0 h6 7. Nbd2 g5 8. Ne1 Qc7 9. Bh5 Ne7 10. Nb3 Bg6 11. f4 gxf4 12. Nd3 0-0-0 13. Nxf4 Bg7 14. Bxg6 Nxg6 15. Nxg6 fxg6 16. Rf7 Bxe5 17. dxe5 Qb6+ 18. Kh1 Nxe5 19. Rf1 Rdf8 20. Bf4 Nd7 21. Qe2 e5 22. Bg3 h5 23. h3 Rf5 24. c4 d4 25. c5 Qd8 26. Nd2 Qe7 27. Ne4 Nxc5 28. Nxc5 Qxc5 29. Rxf5 gxf5 30. Qxe5 Qxe5 31. Bxe5 Rd8 32. Kh2 Rd5 33. Bf4 c5 34. Kg3 b5 35. Kh4 c4 36. Bd2 Re5 37. Re1 Rc5 38. Bb4 Rc6 39. Kxh5 c3 40. bxc3 dxc3 41. Rc1 c2 42. Kg5 f4 43. h4 Kd7 44. h5 Ke6 45. Bd2 f3 46. gxf3 Kd5 47. h6 Rc7 48. Ba5 Rc8 49. h7 1-0